| 000 | 00448nam a2200181Ia 4500 | ||
|---|---|---|---|
| 001 | 2210 | ||
| 005 | 20260306143825.0 | ||
| 008 | 260306t2020||||xx |||||||||||||| ||spa|| | ||
| 041 | _aESP | ||
| 082 |
_a616.075 _bB64 |
||
| 100 |
_aBlows, William T., _eAUT |
||
| 245 | 0 | _aBase biológica de las observaciones clínicas | |
| 260 | _c2020 | ||
| 300 |
_axviii, 355 páginas : _c23 cm. |
||
| 650 | _aGEN | ||
| 654 | _aCPS | ||
| 942 |
_cLIB _dJUS _fJUS _2ddc _n |
||
| 999 |
_c2210 _d2210 |
||